000 00956nam a2200457Ia 4500
001 142
003 307
005 20240712154300.0
008 ||||||n9999 ||| || ||
020 _a9684224591
041 _aspa
082 _219
_a001.43
100 _aFortino, Andres
_9345
245 0 _aDbase III plus en redes locales
260 _aMéxico :
_bMCGRA,
_c1988.
300 _a298p
562 _e1
650 _aLENGUAJES DE PROGRAMACION
_9346
650 0 _aPROGRAMAS DE COMPUTADORA
_9211
942 _cBKM
999 _c142
_d142
526 _a17598
526 _a102617
526 _a102618
526 _a15794
526 _a102619
526 _a102620
526 _a10406
526 _a105630
526 _a1698
526 _a116204
526 _a4969
526 _a19790
526 _a104436
526 _a5144
526 _a51868
526 _a3899
526 _a9683
526 _a
526 _a1703
526 _a1697